| 000 | 00702nam a2200181Ia 4500 | ||
|---|---|---|---|
| 008 | 151018s9999 xx 000 0 und d | ||
| 082 |
_bRBASDV40054 _a891.464 |
||
| 100 | _aनानी पालखीवाला | ||
| 245 | _aवुइ दि नेशनःवाया गेलेली वर्षे | ||
| 250 | _b2 | ||
| 260 |
_bक्ष _c1997 |
||
| 300 | _a297 | ||
| 600 | _aनानी पालखीवाला | ||
| 630 | _aवुइ दि नेशनःवाया गेलेली वर्षे | ||
| 700 | _aनानी पालखीवाला | ||
| 730 | _aवुइ दि नेशनःवाया गेलेली वर्षे | ||
| 942 | _cBOOK | ||
| 999 |
_c1039337 _d1039334 |
||